[Event "eytcc"]
[Site "?"]
[Date "2017.08.19"]
[Round "3.43"]
[White "Matis, Tibor"]
[Black "Lumiste, Rene"]
[Result "0-1"]
[BlackElo "2130"]
[WhiteElo "1947"]
[LiveChessVersion "1.4.4"]

1. e4 {[%clk 1:30:52]} g6 {[%clk 1:30:25]} 2. d4 {[%clk 1:31:11]} Bg7
{[%clk 1:30:51]} 3. Nc3 {[%clk 1:31:18]} a6 {[%clk 1:30:52]} 4. Nf3
{[%clk 1:31:38]} d6 {[%clk 1:31:02]} 5. Be3 {[%clk 1:31:06]} Nf6 {[%clk 1:31:17]}
6. a4 {[%clk 1:26:46]} b6 {[%clk 1:31:01]} 7. h3 {[%clk 1:24:45]} Bb7
{[%clk 1:27:30]} 8. Bd3 {[%clk 1:22:28]} Nbd7 {[%clk 1:26:01]} 9. Qd2
{[%clk 1:18:38]} c5 {[%clk 1:24:03]} 10. d5 {[%clk 1:10:54]} O-O {[%clk 1:20:17]}
11. Bh6 {[%clk 1:04:55]} Ne5 {[%clk 1:16:02]} 12. Nxe5 {[%clk 0:59:10]} dxe5
{[%clk 1:15:42]} 13. Bxg7 {[%clk 0:58:55]} Kxg7 {[%clk 1:16:05]} 14. Rd1
{[%clk 0:58:55]} Qc7 {[%clk 1:10:07]} 15. Bc4 {[%clk 0:55:35]} Ne8
{[%clk 1:07:40]} 16. Qg5 {[%clk 0:49:20]} f6 {[%clk 1:00:24]} 17. Qg3
{[%clk 0:49:32]} Nd6 {[%clk 1:00:33]} 18. b3 {[%clk 0:49:55]} b5 {[%clk 1:00:11]}
19. axb5 {[%clk 0:39:38]} axb5 {[%clk 1:00:35]} 20. Be2 {[%clk 0:39:15]} c4
{[%clk 0:52:49]} 21. O-O {[%clk 0:30:00]} b4 {[%clk 0:46:42]} 22. Na4
{[%clk 0:29:34]} Nxe4 {[%clk 0:43:55]} 23. Qe3 {[%clk 0:28:48]} cxb3
{[%clk 0:41:43]} 24. cxb3 {[%clk 0:29:06]} Nc3 {[%clk 0:40:09]} 25. Nxc3
{[%clk 0:25:31]} bxc3 {[%clk 0:31:51]} 26. Bc4 {[%clk 0:23:31]} Rfd8
{[%clk 0:32:01]} 27. Qxc3 {[%clk 0:16:40]} Bxd5 {[%clk 0:29:27]} 28. Ra1
{[%clk 0:13:44]} Bxc4 {[%clk 0:27:35]} 29. bxc4 {[%clk 0:13:16]} Rxa1
{[%clk 0:27:26]} 30. Rxa1 {[%clk 0:13:29]} Qc5 {[%clk 0:26:53]} 31. Rc1
{[%clk 0:12:30]} Ra8 {[%clk 0:26:19]} 32. Qb3 {[%clk 0:07:40]} h5
{[%clk 0:26:12]} 33. Rd1 {[%clk 0:05:06]} e4 {[%clk 0:21:49]} 34. Rb1
{[%clk 0:00:44]} h4 {[%clk 0:19:55]} 35. Rd1 {[%clk 0:00:49]} Kf7
{[%clk 0:15:35]} 36. Rb1 {[%clk 0:01:08]} Rd8 {[%clk 0:16:00]} 37. Qb5
{[%clk 0:00:39]} Rc8 {[%clk 0:13:53]} 38. Qxc5 {[%clk 0:00:35]} Rxc5
{[%clk 0:14:21]} 39. Rc1 {[%clk 0:01:03]} Ke6 {[%clk 0:14:23]} 40. Kf1
{[%clk 0:31:32]} Ke5 {[%clk 0:43:58]} 41. Ke2 {[%clk 0:29:08]} f5
{[%clk 0:39:20]} 42. g3 {[%clk 0:18:35]} g5 {[%clk 0:37:30]} 43. gxh4
{[%clk 0:18:47]} gxh4 {[%clk 0:37:58]} 44. f3 {[%clk 0:19:09]} Kf4
{[%clk 0:38:09]} 45. fxe4 {[%clk 0:19:26]} Kxe4 {[%clk 0:38:30]} 46. Re1
{[%clk 0:16:50]} e5 {[%clk 0:38:47]} 47. Rc1 {[%clk 0:17:08]} Kd4
{[%clk 0:38:10]} 48. Rd1+ {[%clk 0:17:02]} Kxc4 {[%clk 0:38:24]} 49. Ke3
{[%clk 0:17:07]} Ra5 {[%clk 0:38:41]} 50. Rd3 {[%clk 0:15:04]} Ra2
{[%clk 0:38:11]} 51. Rd8 {[%clk 0:14:23]} Ra3+ {[%clk 0:38:19]} 52. Ke2
{[%clk 0:14:41]} Rxh3 {[%clk 0:38:42]} 0-1

[Event "eytcc"]
[Site "?"]
[Date "2017.08.19"]
[Round "3.44"]
[White "Pedoson, Georg Aleksander"]
[Black "Bugar, Peter"]
[Result "1-0"]
[BlackElo "1807"]
[WhiteElo "2036"]
[LiveChessVersion "1.4.4"]

1. d4 Nf6 2. Nf3 c5 3. d5 e6 4. Nc3 exd5 5. Nxd5 Nc6 6. Bg5 Be7 7. Bxf6 Bxf6 8.
c3 O-O 9. e3 Ne5 10. Be2 Rb8 11. a4 Re8 12. O-O Nxf3+ 13. Bxf3 Be5 14. g3 d6 15.
Bg2 g6 16. e4 a5 17. Ne3 b5 18. f4 Bg7 19. axb5 Rxb5 20. Nc4 Bf8 21. Rf2 Be6 22.
Ne3 Qb6 23. f5 Bb3 24. Qf3 Re7 25. c4 Rb4 26. Nd5 Qb7 27. fxg6 hxg6 28. Nf6+ Kg7
29. Qf4 Re6 30. e5 Qa7 31. Qh4 Rxf6 32. exf6+ Kg8 33. Rc1 Qd7 34. Bd5 Ba4 35. Qg5
1-0

[Event "eytcc"]
[Site "?"]
[Date "2017.08.20"]
[Round "4.1"]
[White "Livaic, Leon"]
[Black "Kollars, Dmitrij"]
[Result "0-1"]
[BlackElo "2514"]
[WhiteElo "2464"]
[LiveChessVersion "1.4.4"]

1. d4 {[%clk 1:30:57]} Nf6 {[%clk 1:30:45]} 2. c4 {[%clk 1:31:20]} e6
{[%clk 1:31:04]} 3. Nf3 {[%clk 1:31:39]} d5 {[%clk 1:31:18]} 4. Nc3
{[%clk 1:31:58]} c6 {[%clk 1:31:28]} 5. Bg5 {[%clk 1:32:08]} dxc4
{[%clk 1:31:42]} 6. a4 {[%clk 1:32:22]} Bb4 {[%clk 1:31:46]} 7. e4
{[%clk 1:32:25]} Qa5 {[%clk 1:32:00]} 8. Bd2 {[%clk 1:32:31]} c5 {[%clk 1:32:08]}
9. Bxc4 {[%clk 1:32:35]} cxd4 {[%clk 1:32:27]} 10. Nxd4 {[%clk 1:32:45]} O-O
{[%clk 1:32:30]} 11. Nc2 {[%clk 1:32:50]} Nc6 {[%clk 1:32:47]} 12. Nxb4
{[%clk 1:32:57]} Qxb4 {[%clk 1:33:07]} 13. b3 {[%clk 1:32:57]} Rd8
{[%clk 1:33:21]} 14. O-O {[%clk 1:32:27]} Qe7 {[%clk 1:33:32]} 15. Qc1
{[%clk 1:28:34]} b6 {[%clk 1:33:02]} 16. Bg5 {[%clk 1:15:27]} h6 {[%clk 1:25:27]}
17. Bh4 {[%clk 1:13:51]} Ne5 {[%clk 1:18:15]} 18. Be2 {[%clk 1:04:41]} Bb7
{[%clk 1:10:22]} 19. Bg3 {[%clk 0:47:54]} Nd3 {[%clk 1:04:44]} 20. Qe3
{[%clk 0:42:19]} Qc5 {[%clk 0:57:17]} 21. Qxc5 {[%clk 0:36:55]} Nxc5
{[%clk 0:57:34]} 22. e5 {[%clk 0:35:26]} Nfe4 {[%clk 0:54:14]} 23. Nxe4
{[%clk 0:35:25]} Nxe4 {[%clk 0:50:41]} 24. Bf3 {[%clk 0:28:08]} Nxg3
{[%clk 0:46:19]} 25. fxg3 {[%clk 0:26:03]} Bxf3 {[%clk 0:40:46]} 26. Rxf3
{[%clk 0:26:04]} Rac8 {[%clk 0:40:20]} 27. Ra2 {[%clk 0:17:18]} Rd1+
{[%clk 0:33:40]} 28. Kf2 {[%clk 0:17:39]} a5 {[%clk 0:30:54]} 29. Re3
{[%clk 0:14:12]} Kf8 {[%clk 0:29:29]} 30. Ke2 {[%clk 0:10:30]} Rcc1
{[%clk 0:26:31]} 31. Kf3 {[%clk 0:08:26]} Ke7 {[%clk 0:26:05]} 32. Rae2
{[%clk 0:06:43]} Rd4 {[%clk 0:23:45]} 33. g4 {[%clk 0:05:52]} Rb4
{[%clk 0:19:47]} 34. Rd2 {[%clk 0:05:20]} Rb1 {[%clk 0:13:09]} 35. Rdd3
{[%clk 0:05:46]} Rf1+ {[%clk 0:13:14]} 36. Kg3 {[%clk 0:05:40]} Rff4
{[%clk 0:12:26]} 37. h3 {[%clk 0:05:33]} Rbe4 {[%clk 0:12:25]} 38. Kh4
{[%clk 0:01:37]} g6 {[%clk 0:09:04]} 39. Kg3 {[%clk 0:01:43]} g5 {[%clk 0:08:47]}
40. Rc3 {[%clk 0:31:11]} Rxe3+ {[%clk 0:36:26]} 41. Rxe3 {[%clk 0:31:33]} Kd7
{[%clk 0:28:13]} 42. h4 {[%clk 0:23:35]} Kc6 {[%clk 0:27:27]} 43. Rd3
{[%clk 0:23:41]} Re4 {[%clk 0:22:43]} 44. Rf3 {[%clk 0:22:42]} Kd5
{[%clk 0:22:08]} 45. Rxf7 {[%clk 0:16:31]} Kxe5 {[%clk 0:21:32]} 46. h5
{[%clk 0:15:34]} Re3+ {[%clk 0:21:24]} 47. Kh2 {[%clk 0:11:50]} Rxb3
{[%clk 0:20:47]} 48. Rh7 {[%clk 0:10:37]} Rb4 {[%clk 0:20:11]} 49. Kh3
{[%clk 0:09:49]} Rxa4 {[%clk 0:12:23]} 50. Rxh6 {[%clk 0:10:15]} Ra1
{[%clk 0:11:41]} 51. Rg6 {[%clk 0:05:32]} Rh1+ {[%clk 0:10:11]} 52. Kg3
{[%clk 0:05:57]} a4 {[%clk 0:09:42]} 53. Rxg5+ {[%clk 0:06:13]} Kd4
{[%clk 0:08:55]} 54. Rg8 {[%clk 0:05:02]} b5 {[%clk 0:08:33]} 55. Ra8
{[%clk 0:04:08]} e5 {[%clk 0:06:42]} 56. g5 {[%clk 0:02:24]} Rxh5
{[%clk 0:06:33]} 57. Kg4 {[%clk 0:02:50]} Rh7 {[%clk 0:05:11]} 58. g6
{[%clk 0:03:04]} Rd7 {[%clk 0:04:10]} 59. Kf5 {[%clk 0:02:42]} e4
{[%clk 0:04:22]} 60. Re8 {[%clk 0:00:42]} e3 {[%clk 0:04:14]} 0-1

[Event "eytcc"]
[Site "?"]
[Date "2017.08.20"]
[Round "4.2"]
[White "Perske, Thore"]
[Black "Plenca, Jadranko"]
[Result "1-0"]
[BlackElo "2446"]
[WhiteElo "2431"]
[LiveChessVersion "1.4.4"]

1. e4 {[%clk 1:30:55]} e5 {[%clk 1:30:55]} 2. Nf3 {[%clk 1:31:11]} Nc6
{[%clk 1:31:18]} 3. Bb5 {[%clk 1:31:32]} a6 {[%clk 1:31:43]} 4. Ba4
{[%clk 1:31:54]} Nf6 {[%clk 1:32:08]} 5. O-O {[%clk 1:32:08]} Be7
{[%clk 1:32:33]} 6. Re1 {[%clk 1:32:16]} b5 {[%clk 1:32:28]} 7. Bb3
{[%clk 1:32:39]} O-O {[%clk 1:32:48]} 8. h3 {[%clk 1:32:56]} d6 {[%clk 1:32:29]}
9. c3 {[%clk 1:33:11]} Nb8 {[%clk 1:32:23]} 10. d4 {[%clk 1:33:13]} Nbd7
{[%clk 1:32:48]} 11. Nbd2 {[%clk 1:33:22]} Bb7 {[%clk 1:33:13]} 12. Bc2
{[%clk 1:33:19]} c5 {[%clk 1:33:31]} 13. d5 {[%clk 1:32:18]} c4 {[%clk 1:31:48]}
14. Nf1 {[%clk 1:31:11]} Qc7 {[%clk 1:30:12]} 15. Ng3 {[%clk 1:28:57]} g6
{[%clk 1:28:38]} 16. Bg5 {[%clk 1:11:23]} a5 {[%clk 1:24:24]} 17. Qd2
{[%clk 1:08:06]} Rfb8 {[%clk 1:22:52]} 18. Nh2 {[%clk 1:02:04]} Qd8
{[%clk 1:13:10]} 19. f4 {[%clk 0:56:06]} exf4 {[%clk 1:12:02]} 20. Bxf4
{[%clk 0:55:52]} Ne5 {[%clk 1:12:22]} 21. Rf1 {[%clk 0:52:15]} Nfd7
{[%clk 1:10:48]} 22. Ne2 {[%clk 0:47:57]} Ra6 {[%clk 1:03:29]} 23. Nd4
{[%clk 0:42:57]} Ba8 {[%clk 1:03:22]} 24. a3 {[%clk 0:41:25]} Bf6
{[%clk 0:57:20]} 25. Nhf3 {[%clk 0:30:56]} Bg7 {[%clk 0:51:54]} 26. Ng5
{[%clk 0:20:39]} Qe8 {[%clk 0:46:40]} 27. Rf2 {[%clk 0:17:41]} Nc5
{[%clk 0:42:02]} 28. Bxe5 {[%clk 0:10:25]} dxe5 {[%clk 0:42:28]} 29. Rxf7
{[%clk 0:10:39]} exd4 {[%clk 0:42:43]} 30. Rxg7+ {[%clk 0:11:03]} Kxg7
{[%clk 0:43:07]} 31. Qxd4+ {[%clk 0:11:23]} Kg8 {[%clk 0:42:14]} 32. Qxc5
{[%clk 0:11:47]} Qd8 {[%clk 0:40:11]} 33. Ne6 {[%clk 0:09:05]} Qb6
{[%clk 0:40:39]} 34. Qxb6 {[%clk 0:09:29]} Raxb6 {[%clk 0:41:04]} 35. Kf2
{[%clk 0:09:47]} b4 {[%clk 0:38:44]} 36. axb4 {[%clk 0:10:15]} axb4
{[%clk 0:39:12]} 37. Ke3 {[%clk 0:10:05]} bxc3 {[%clk 0:38:31]} 38. bxc3
{[%clk 0:10:34]} Rb2 {[%clk 0:39:00]} 39. Nd4 {[%clk 0:09:03]} Bb7
{[%clk 0:37:59]} 40. Ra4 {[%clk 0:33:17]} Re8 {[%clk 1:01:48]} 41. Kf3
{[%clk 0:31:17]} Rc8 {[%clk 1:01:14]} 42. Kg3 {[%clk 0:24:36]} Kf7
{[%clk 0:59:02]} 43. Bd1 {[%clk 0:21:33]} Kf6 {[%clk 0:56:03]} 44. Bg4
{[%clk 0:20:44]} Rc5 {[%clk 0:54:45]} 45. Ne6 {[%clk 0:20:35]} Rc8
{[%clk 0:53:59]} 46. Kf4 {[%clk 0:19:43]} Rf2+ {[%clk 0:50:10]} 47. Bf3
{[%clk 0:18:53]} 1-0

[Event "eytcc"]
[Site "?"]
[Date "2017.08.20"]
[Round "4.3"]
[White "Tica, Sven"]
[Black "Keymer, Vincent"]
[Result "0-1"]
[BlackElo "2432"]
[WhiteElo "2368"]
[LiveChessVersion "1.4.4"]

1. d4 {[%clk 1:30:57]} d5 {[%clk 1:30:56]} 2. c4 {[%clk 1:31:22]} c6
{[%clk 1:31:23]} 3. Nf3 {[%clk 1:31:46]} Nf6 {[%clk 1:31:48]} 4. e3
{[%clk 1:32:13]} Bf5 {[%clk 1:31:56]} 5. Nc3 {[%clk 1:32:38]} e6 {[%clk 1:32:10]}
6. Nh4 {[%clk 1:33:03]} Be4 {[%clk 1:32:31]} 7. f3 {[%clk 1:33:29]} Bg6
{[%clk 1:32:57]} 8. Qb3 {[%clk 1:33:56]} Qc7 {[%clk 1:29:32]} 9. Bd2
{[%clk 1:34:21]} Be7 {[%clk 1:27:05]} 10. cxd5 {[%clk 1:34:45]} exd5
{[%clk 1:24:51]} 11. Nxg6 {[%clk 1:21:05]} hxg6 {[%clk 1:22:15]} 12. O-O-O
{[%clk 1:21:25]} b5 {[%clk 1:18:39]} 13. g3 {[%clk 1:17:09]} Nbd7
{[%clk 1:16:57]} 14. Bd3 {[%clk 1:09:29]} a5 {[%clk 1:12:41]} 15. e4
{[%clk 1:05:23]} dxe4 {[%clk 0:57:40]} 16. fxe4 {[%clk 1:03:41]} a4
{[%clk 0:56:26]} 17. Qc2 {[%clk 1:04:05]} b4 {[%clk 0:56:51]} 18. Nd5
{[%clk 1:03:22]} Nxd5 {[%clk 0:56:11]} 19. exd5 {[%clk 1:03:47]} b3
{[%clk 0:54:54]} 20. Qxc6 {[%clk 0:58:26]} Qd8 {[%clk 0:53:14]} 21. Kb1
{[%clk 0:54:39]} bxa2+ {[%clk 0:49:18]} 22. Kxa2 {[%clk 0:45:53]} O-O
{[%clk 0:46:59]} 23. d6 {[%clk 0:39:27]} Bf6 {[%clk 0:40:41]} 24. Bb5
{[%clk 0:36:42]} Ra7 {[%clk 0:40:11]} 25. Bb4 {[%clk 0:23:46]} Qb8
{[%clk 0:39:29]} 26. Rc1 {[%clk 0:24:13]} Rb7 {[%clk 0:29:31]} 27. Ba3
{[%clk 0:24:37]} Rxb5 {[%clk 0:29:17]} 28. Qxd7 {[%clk 0:25:00]} Bxd4
{[%clk 0:28:36]} 29. Rc2 {[%clk 0:25:08]} Ra5 {[%clk 0:19:54]} 30. Qc7
{[%clk 0:19:43]} Qb3+ {[%clk 0:17:35]} 31. Kb1 {[%clk 0:20:12]} Rb5
{[%clk 0:15:22]} 32. Rd1 {[%clk 0:11:09]} Bf6 {[%clk 0:05:17]} 33. Qc4
{[%clk 0:08:58]} Qxc4 {[%clk 0:04:04]} 34. Rxc4 {[%clk 0:09:17]} Bxb2
{[%clk 0:04:31]} 35. Bxb2 {[%clk 0:09:26]} a3 {[%clk 0:04:58]} 36. d7
{[%clk 0:09:37]} Rxb2+ {[%clk 0:05:23]} 37. Ka1 {[%clk 0:09:56]} Rbb8
{[%clk 0:05:48]} 38. Rdc1 {[%clk 0:03:24]} Rbd8 {[%clk 0:04:45]} 39. Rc7
{[%clk 0:03:17]} f5 {[%clk 0:02:22]} 40. Ka2 {[%clk 0:33:28]} Rf7
{[%clk 0:31:21]} 41. Rd1 {[%clk 0:33:07]} Kf8 {[%clk 0:29:30]} 42. Kxa3
{[%clk 0:33:21]} Ke7 {[%clk 0:28:33]} 43. Kb4 {[%clk 0:30:45]} Rf6
{[%clk 0:28:56]} 44. Kc5 {[%clk 0:30:37]} Re6 {[%clk 0:27:40]} 45. Rd2
{[%clk 0:27:44]} g5 {[%clk 0:27:48]} 46. h4 {[%clk 0:19:46]} g4 {[%clk 0:26:39]}
47. Rd5 {[%clk 0:18:19]} g6 {[%clk 0:26:31]} 48. h5 {[%clk 0:17:27]} gxh5
{[%clk 0:26:50]} 49. Rxf5 {[%clk 0:17:50]} Re3 {[%clk 0:27:16]} 50. Rxh5
{[%clk 0:16:52]} Rc3+ {[%clk 0:27:42]} 51. Kb6 {[%clk 0:17:05]} Rxc7
{[%clk 0:28:09]} 52. Kxc7 {[%clk 0:16:17]} Rxd7+ {[%clk 0:28:33]} 53. Kc6
{[%clk 0:16:34]} Rd3 {[%clk 0:29:00]} 54. Rg5 {[%clk 0:14:16]} Rxg3
{[%clk 0:29:12]} 55. Kd5 {[%clk 0:14:17]} Kf6 {[%clk 0:29:36]} 56. Rg8
{[%clk 0:14:39]} Kf5 {[%clk 0:29:51]} 57. Rf8+ {[%clk 0:15:08]} Kg5
{[%clk 0:30:14]} 58. Ke4 {[%clk 0:14:53]} Ra3 {[%clk 0:30:31]} 0-1

[Event "eytcc"]
[Site "?"]
[Date "2017.08.20"]
[Round "4.4"]
[White "Lagunow, Raphael"]
[Black "Tomulic, Teo"]
[Result "1/2-1/2"]
[BlackElo "2319"]
[WhiteElo "2358"]
[LiveChessVersion "1.4.4"]

1. e4 e5 2. Nf3 Nc6 3. Bc4 Bc5 4. c3 Nf6 5. d3 a6 6. O-O O-O 7. d4 Be7 8. dxe5
Nxe4 9. Re1 Nc5 10. Bf4 b5 11. Bd5 Bb7 12. Nd4 Nxd4 13. Bxb7 Nxb7 14. cxd4 d5 15.
Qg4 Qc8 16. Qg3 Qe6 17. Nc3 Rfd8 18. Rad1 c5 19. dxc5 Nxc5 20. Qf3 d4 21. Rxd4
Rxd4 22. Qxa8+ Rd8 23. Qf3 b4 24. Ne4 Nxe4 25. Qxe4 Qxa2 26. h4 Qd5 27. Bg5 Bxg5
28. hxg5 a5 29. Qxd5 Rxd5 30. b3 Kf8 31. f4 Ke7 32. Kf2 Ke6 33. g4 g6 34. Ke3 Rc5
35. Kd4 Rc3 36. Re3 Rxe3 37. Kxe3 Kd5 38. Kd3 Kc5 39. Ke3 Kd5 40. Kd3 Kc5 41. Ke3
1/2-1/2

[Event "eytcc"]
[Site "?"]
[Date "2017.08.20"]
[Round "4.5"]
[White "Kantor, Gergely"]
[Black "Janik, Igor"]
[Result "1/2-1/2"]
[BlackElo "2420"]
[WhiteElo "2479"]
[LiveChessVersion "1.4.4"]

1. d4 {[%clk 1:30:48]} Nf6 {[%clk 1:30:50]} 2. c4 {[%clk 1:30:36]} g6
{[%clk 1:31:10]} 3. g3 {[%clk 1:30:10]} Bg7 {[%clk 1:31:23]} 4. Bg2
{[%clk 1:30:24]} d5 {[%clk 1:31:44]} 5. cxd5 {[%clk 1:29:39]} Nxd5
{[%clk 1:32:07]} 6. Nf3 {[%clk 1:29:37]} Nb6 {[%clk 1:32:12]} 7. Nc3
{[%clk 1:29:20]} Nc6 {[%clk 1:32:31]} 8. e3 {[%clk 1:29:02]} O-O {[%clk 1:32:52]}
9. O-O {[%clk 1:29:24]} Re8 {[%clk 1:33:07]} 10. a3 {[%clk 1:27:43]} e5
{[%clk 1:31:11]} 11. d5 {[%clk 1:25:31]} Na5 {[%clk 1:31:18]} 12. Qc2
{[%clk 1:23:58]} c6 {[%clk 1:26:32]} 13. b4 {[%clk 1:20:45]} Nac4
{[%clk 1:26:54]} 14. dxc6 {[%clk 1:17:22]} bxc6 {[%clk 1:27:04]} 15. Ne4
{[%clk 1:09:17]} Bf5 {[%clk 1:21:37]} 16. Nfd2 {[%clk 1:00:06]} Nxd2
{[%clk 1:19:06]} 17. Bxd2 {[%clk 0:49:11]} Rc8 {[%clk 1:15:33]} 18. Rac1
{[%clk 0:39:57]} Re7 {[%clk 1:01:51]} 19. Bc3 {[%clk 0:31:51]} c5
{[%clk 0:46:34]} 20. b5 {[%clk 0:18:47]} Rd7 {[%clk 0:42:29]} 21. Ba5
{[%clk 0:15:02]} c4 {[%clk 0:37:46]} 22. Qa2 {[%clk 0:11:04]} Be6
{[%clk 0:37:45]} 23. Nc3 {[%clk 0:11:06]} Rd3 {[%clk 0:23:16]} 24. Be4
{[%clk 0:09:54]} Rd2 {[%clk 0:23:09]} 25. Rc2 {[%clk 0:08:47]} Rd7
{[%clk 0:22:14]} 26. Bc6 {[%clk 0:05:11]} Rd3 {[%clk 0:22:37]} 27. Ne4
{[%clk 0:04:23]} Bf8 {[%clk 0:18:31]} 28. Bb4 {[%clk 0:03:28]} Bxb4
{[%clk 0:18:08]} 29. axb4 {[%clk 0:03:56]} Rd1 {[%clk 0:18:30]} 30. Rc1
{[%clk 0:02:24]} Rxf1+ {[%clk 0:18:05]} 31. Rxf1 {[%clk 0:02:41]} Qe7
{[%clk 0:17:34]} 32. Rd1 {[%clk 0:02:08]} Bg4 {[%clk 0:11:28]} 33. Rd2
{[%clk 0:02:23]} Rd8 {[%clk 0:06:29]} 34. Kg2 {[%clk 0:02:33]} Rxd2
{[%clk 0:06:06]} 1/2-1/2

[Event "eytcc"]
[Site "?"]
[Date "2017.08.20"]
[Round "4.6"]
[White "Nowak, Kamil"]
[Black "Kozak, Adam"]
[Result "1/2-1/2"]
[BlackElo "2422"]
[WhiteElo "2318"]
[LiveChessVersion "1.4.4"]

1. d4 {[%clk 1:30:57]} Nf6 {[%clk 1:30:43]} 2. c4 {[%clk 1:31:05]} e6
{[%clk 1:31:00]} 3. Nf3 {[%clk 1:31:12]} b6 {[%clk 1:29:39]} 4. Nc3
{[%clk 1:29:30]} Bb4 {[%clk 1:30:00]} 5. Qc2 {[%clk 1:27:15]} Bb7
{[%clk 1:28:03]} 6. a3 {[%clk 1:26:28]} Bxc3+ {[%clk 1:28:07]} 7. Qxc3
{[%clk 1:26:49]} d5 {[%clk 1:17:40]} 8. Bg5 {[%clk 1:24:17]} Nbd7
{[%clk 1:13:59]} 9. e3 {[%clk 1:19:43]} O-O {[%clk 1:08:12]} 10. cxd5
{[%clk 1:15:32]} Bxd5 {[%clk 1:07:10]} 11. Be2 {[%clk 1:15:00]} c5
{[%clk 1:05:51]} 12. O-O {[%clk 1:05:19]} Ne4 {[%clk 1:04:26]} 13. Bxd8
{[%clk 1:04:50]} Nxc3 {[%clk 1:04:45]} 14. bxc3 {[%clk 1:05:06]} Rfxd8
{[%clk 1:04:46]} 15. a4 {[%clk 1:04:04]} Rab8 {[%clk 0:58:18]} 16. Rfb1
{[%clk 1:01:27]} Kf8 {[%clk 0:51:44]} 17. Nd2 {[%clk 1:00:10]} Rdc8
{[%clk 0:46:03]} 18. Rc1 {[%clk 0:52:17]} Rc7 {[%clk 0:44:19]} 19. Ba6
{[%clk 0:43:45]} Ke7 {[%clk 0:41:30]} 20. f3 {[%clk 0:42:26]} Ba8
{[%clk 0:34:06]} 21. Kf2 {[%clk 0:36:44]} Rd8 {[%clk 0:19:04]} 22. a5
{[%clk 0:36:17]} e5 {[%clk 0:14:09]} 23. axb6 {[%clk 0:34:59]} axb6
{[%clk 0:13:59]} 24. Nc4 {[%clk 0:31:01]} exd4 {[%clk 0:12:46]} 25. cxd4
{[%clk 0:30:32]} Bc6 {[%clk 0:09:59]} 26. Na3 {[%clk 0:27:05]} Ra8
{[%clk 0:07:33]} 27. Nb5 {[%clk 0:25:19]} Bxb5 {[%clk 0:07:47]} 28. Bxb5
{[%clk 0:25:43]} Rxa1 {[%clk 0:07:11]} 29. Rxa1 {[%clk 0:26:09]} cxd4
{[%clk 0:07:01]} 30. exd4 {[%clk 0:26:31]} Nf6 {[%clk 0:06:41]} 31. Bd3
{[%clk 0:26:13]} Rd7 {[%clk 0:05:57]} 32. Ra4 {[%clk 0:22:28]} g6
{[%clk 0:05:54]} 33. Be4 {[%clk 0:21:19]} Rd6 {[%clk 0:04:43]} 34. Ke3
{[%clk 0:20:29]} Nd5+ {[%clk 0:04:11]} 35. Bxd5 {[%clk 0:20:01]} Rxd5
{[%clk 0:04:39]} 36. Ra6 {[%clk 0:16:05]} Rb5 {[%clk 0:04:40]} 37. Ke4
{[%clk 0:15:32]} h5 {[%clk 0:02:49]} 38. h4 {[%clk 0:14:29]} Ke6 {[%clk 0:01:12]}
39. Ra8 {[%clk 0:12:39]} Rb2 {[%clk 0:00:59]} 40. Rb8 {[%clk 0:42:04]} Re2+
{[%clk 0:30:34]} 41. Kf4 {[%clk 0:38:38]} Rxg2 {[%clk 0:20:16]} 42. Rxb6+
{[%clk 0:38:51]} Kd5 {[%clk 0:18:45]} 43. Rf6 {[%clk 0:38:55]} Kxd4
{[%clk 0:18:36]} 44. Rxf7 {[%clk 0:39:18]} Kd5 {[%clk 0:18:18]} 45. Re7
{[%clk 0:39:33]} Kd6 {[%clk 0:17:45]} 1/2-1/2

[Event "eytcc"]
[Site "?"]
[Date "2017.08.20"]
[Round "4.7"]
[White "Havasi, Gergo"]
[Black "Gumularz, Szymon"]
[Result "1/2-1/2"]
[BlackElo "2342"]
[WhiteElo "2380"]
[LiveChessVersion "1.4.4"]

1. e4 {[%clk 1:30:52]} g6 {[%clk 1:30:51]} 2. d4 {[%clk 1:30:53]} Bg7
{[%clk 1:31:16]} 3. Nc3 {[%clk 1:30:29]} c6 {[%clk 1:31:39]} 4. f4
{[%clk 1:30:17]} d5 {[%clk 1:32:04]} 5. e5 {[%clk 1:30:04]} Nh6 {[%clk 1:32:26]}
6. Nf3 {[%clk 1:29:06]} f6 {[%clk 1:32:48]} 7. h3 {[%clk 1:27:32]} Nf5
{[%clk 1:17:32]} 8. Bd3 {[%clk 1:21:47]} Ng3 {[%clk 1:07:42]} 9. Rg1
{[%clk 1:21:41]} fxe5 {[%clk 1:04:46]} 10. fxe5 {[%clk 1:19:28]} O-O
{[%clk 1:03:29]} 11. Bg5 {[%clk 1:17:31]} Na6 {[%clk 0:49:11]} 12. Qd2
{[%clk 1:06:40]} Nb4 {[%clk 0:37:46]} 13. O-O-O {[%clk 1:01:50]} b5
{[%clk 0:23:08]} 14. Qe1 {[%clk 0:32:52]} Nxd3+ {[%clk 0:20:42]} 15. cxd3
{[%clk 0:31:23]} Rxf3 {[%clk 0:16:08]} 16. gxf3 {[%clk 0:30:12]} Nf5
{[%clk 0:16:31]} 17. Ne2 {[%clk 0:26:48]} Qb6 {[%clk 0:16:20]} 18. Qb4
{[%clk 0:19:14]} a5 {[%clk 0:15:29]} 19. Qd2 {[%clk 0:13:41]} Nxd4
{[%clk 0:12:40]} 20. Nxd4 {[%clk 0:13:42]} Qxd4 {[%clk 0:13:01]} 21. f4
{[%clk 0:12:59]} Kf7 {[%clk 0:11:47]} 22. Rh1 {[%clk 0:07:01]} Bf5
{[%clk 0:11:41]} 23. Qc3 {[%clk 0:05:05]} Qb6 {[%clk 0:10:19]} 24. d4
{[%clk 0:03:44]} b4 {[%clk 0:09:59]} 25. Qc5 {[%clk 0:03:23]} Qxc5+
{[%clk 0:09:43]} 26. dxc5 {[%clk 0:03:50]} Rb8 {[%clk 0:09:55]} 27. Kd2
{[%clk 0:03:47]} Rb5 {[%clk 0:10:09]} 28. Rc1 {[%clk 0:03:23]} Bf8
{[%clk 0:09:51]} 29. b3 {[%clk 0:02:06]} e6 {[%clk 0:09:48]} 30. h4
{[%clk 0:01:36]} h5 {[%clk 0:09:58]} 31. Bd8 {[%clk 0:01:41]} Bxc5
{[%clk 0:10:11]} 32. Rxc5 {[%clk 0:01:05]} Rxc5 {[%clk 0:10:24]} 33. Rc1
{[%clk 0:01:28]} Rxc1 {[%clk 0:04:14]} 34. Kxc1 {[%clk 0:01:57]} Ke8
{[%clk 0:01:46]} 35. Bxa5 {[%clk 0:02:15]} c5 {[%clk 0:02:11]} 36. Bb6
{[%clk 0:02:03]} c4 {[%clk 0:02:37]} 37. bxc4 {[%clk 0:01:19]} dxc4
{[%clk 0:03:02]} 38. Ba5 {[%clk 0:00:57]} b3 {[%clk 0:03:24]} 39. axb3
{[%clk 0:00:37]} cxb3 {[%clk 0:03:50]} 40. Kb2 {[%clk 0:30:34]} Bc2
{[%clk 0:34:09]} 41. Kc3 {[%clk 0:29:11]} Kd7 {[%clk 0:34:29]} 42. Kb2
{[%clk 0:23:24]} Kc6 {[%clk 0:34:52]} 43. Bd8 {[%clk 0:23:41]} Kd5
{[%clk 0:35:19]} 44. Bg5 {[%clk 0:23:41]} Kd4 {[%clk 0:35:39]} 45. Bh6
{[%clk 0:23:48]} Ke4 {[%clk 0:36:02]} 46. Bg5 {[%clk 0:23:58]} Kf3
{[%clk 0:36:25]} 47. Kc3 {[%clk 0:24:08]} Kg4 {[%clk 0:36:50]} 48. Kb2
{[%clk 0:24:28]} Kf5 {[%clk 0:37:12]} 1/2-1/2